Cities in the Pokémon Unova Region on a Map - Statistics

General Stats
  • This quiz has been taken 976 times
    973 since last reset
  • The average score is 13 of 19
Answers on the Map
Answers color-coded by a green-red scale on the quiz's map according to % correct below.
 
Answer Stats
Answer % Correct
Castelia City
83%
Pokémon League
81%
Driftveil City
80%
Nimbasa City
80%
Nuvema Town
75%
Mistralton City
72%
Nacrene City
72%
Opelucid City
71%
Accumula Town
70%
Icirrus City
70%
Black City/White Forest
68%
Striaton City
68%
Virbank City
65%
Undella Town
64%
Humilau CIty
63%
Aspertia City
60%
Floccesy Town
59%
Lentimas Town
50%
Lacunosa Town
47%
No matching quizzes found
Score Distribution
Percent of People with Each Score
Percentile by Number Answered
Your Score History
You have not taken this quiz since the last reset